Central Library OPAC University of Rajshahi

Karachi encyclopaedia / (Record no. 23106)

MARC details
000 -LEADER
fixed length control field 00828cam a2200265 4500
001 - CONTROL NUMBER
control field 23106
003 - CONTROL NUMBER IDENTIFIER
rucl marc code BD-RjUL
005 - DATE AND TIME OF LATEST TRANSACTION
control field 20211209000907.0
008 - FIXED-LENGTH DATA ELEMENTS--GENERAL INFORMATION
fixed length control field 140310s1969 pk ab 001 0 eng d
035 ## - SYSTEM CONTROL NUMBER
System control number (BD-RjUL)23171
040 ## - CATALOGING SOURCE
Original cataloging agency DLC
Transcribing agency DLC
Modifying agency DLC
-- BD-RjUL
Language of cataloging eng
041 ## - LANGUAGE CODE
Language code of text/sound track or separate title eng
082 04 - DEWEY DECIMAL CLASSIFICATION NUMBER
Classification number 915.471
Author mark and year KAR V-1 1969
245 00 - TITLE STATEMENT
Title Karachi encyclopaedia /
Statement of responsibility, etc. Managing editor: S. B. Hasan. Project, planning, and execution: S. Mohd. Reza.
Number of part/section of a work Volume I
260 ## - PUBLICATION, DISTRIBUTION, ETC. (IMPRINT)
Place of publication, distribution, etc. Karachi :
Name of publisher, distributor, etc. Reference Book Pub. Centre,
Date of publication, distribution, etc. 1969
300 ## - PHYSICAL DESCRIPTION
Pagination v,257p. :
Illustrations illus., fold. map. ;
Size 22 cm.
350 ## - PRICE (NR) (BK AM CF MU VM SE) [OBSOLETE]
Price 15.00 (v. 1)
504 ## - BIBLIOGRAPHY, ETC. NOTE
Bibliography, etc Includes Index
651 #0 - SUBJECT ADDED ENTRY--GEOGRAPHIC NAME
Geographic name Karachi (Pakistan)
9 (RLIN) 71253
700 1# - ADDED ENTRY--PERSONAL NAME
Personal name Hasan, S. B.,
Relator term ed.
Personal name Reza, S. Mohammad.
942 ## - ADDED ENTRY ELEMENTS (KOHA)
Source of classification or shelving scheme Dewey Decimal Classification
Koha item type Books
Holdings
Lost status Source of classification or shelving scheme Damaged status Not for loan Collection code Permanent Location Current Location Shelving location Date acquired Source of acquisition Cost, normal purchase price Total Checkouts Full call number Date last seen Copy number Koha item type
  Dewey Decimal Classification   Added to bundle Non-fiction Central Library, University of Rajshahi Central Library, University of Rajshahi Reading Room 23/12/1970 Sweet & zeitlinger 0.00   915.471 KAR V-1 1969 10/03/2014 C-1 Books